000 00662nam a2200193Ia 4500
003 BUBTL
008 151213s9999 xx 000 0 und d
082 _a336.25492/OWT
100 _aমোং ওূয়ালীউল্লাহ
_93556
245 _aTaxation In Bangladesh
_cমোঃ ওয়ালীউল্লাহ
260 _aDhaka
_bআবীদ পাবলিকেশন্স
_cc2008
300 _a690p . :
_bill . ;24cm.
650 _aAccounting
_93557
650 _aAccounting
_93557
700 _aমোং ওয়ালীউল্লাহ
_93556
856 _k0
_l0
_yDownload
942 _2ddc
_cBK
999 _c3281
_d3281